| 000 | 00461nam a2200205Ia 4500 | ||
|---|---|---|---|
| 001 | 13074 | ||
| 003 | GE_BSU | ||
| 008 | 181216s||||||||xx |||||||||||||| ||und|| | ||
| 020 | _a9780552132473 | ||
| 040 | _cGE_BSU | ||
| 080 | _a821.111-3 | ||
| 100 | _aCookson,Catherine. | ||
| 245 | 4 | _aThe year of the virgins. | |
| 260 | _aLondon. | ||
| 260 | _bCorgi Books. | ||
| 260 | _c1993 | ||
| 300 | _a350p;17cm. | ||
| 653 | _aThe year of the virgins. | ||
| 942 | _cBK | ||
| 999 |
_c46241 _d46241 |
||